000 00333nam a2200145Ia 4500
003 OSt
005 20231221060329.0
008 170524s9999 xx 000 0 und d
020 _a9788171324293
040 _cIIMT UNIVERSITY
100 _aMENAN- PK
245 0 _aJOURNALISTIC ETHICS
260 _bPOINTER : JAIPUR
942 _2ddc
_c01
999 _c9034
_d9034